01074nam a2200289Ia 4500001001200000003000800012006001900020007001500039008004100054015001500095020001500110020002100125040002100146035002000167050002300187082001500210100002600225245011800251260002700369300001100396533015200407650002700559650002600586655002900612710001700641856012600658ebr10080850CaPaEBRm u cr cn|||||||||010305s2001 enk s 000 0 eng d aGBA0-W7211 z0761951466 z0761951474(pbk.) aCaPaEBRcCaPaEBR a(OCoLC)8503562914aHM447b.W34 2001eb04a301.012211 aWagner, Peter,d1956-10aTheorising modernityh[electronic resource] :binescapability and attainability in social theory /cPeter Wagner. aLondon :bSAGE,c2001. a150 p. aElectronic reproduction.bPalo Alto, Calif. :cebrary,d2009.nAvailable via World Wide Web.nAccess may be limited to ebrary affiliated libraries. 0aSociologyxPhilosophy. 0aCivilization, Modern. 7aElectronic books.2local2 aebrary, Inc.40uhttp://site.ebrary.com/lib/rucke/Doc?id=10080850zAn electronic book accessible through the World Wide Web; click to view